000 00442nam a2200145Ia 4500
008 210428s9999 xx 000 0 und d
020 _a3540669809
082 _a621.3661 I234 S
100 _aR.Ifflander
_952115
245 0 _aSolid State Lasers For Materials Processing
260 _bPSpringer
_aBerlin
_c2001
300 _a350p.
856 _uhttp://10.250.8.41:8080/xmlui/handle/123456789/46195
_yFor E-Book click here
942 _cBK
_2ddc
999 _c559871
_d559871